Structural analysis : (Record no. 546618)
[ view plain ]
| 000 -LEADER | |
|---|---|
| fixed length control field | 00925cam a22002294a 4500 |
| 020 ## - INTERNATIONAL STANDARD BOOK NUMBER | |
| International Standard Book Number | 0471402737 (cloth : alk. paper) |
| 082 00 - DEWEY DECIMAL CLASSIFICATION NUMBER | |
| Classification number | 624.171 |
| Author Mark | NEL |
| -- | N-01,P-89 |
| 100 1# - MAIN ENTRY--PERSONAL NAME | |
| Personal name | Nelson, James K. |
| 9 (RLIN) | 42782 |
| 245 10 - TITLE STATEMENT | |
| Title | Structural analysis : |
| Remainder of title | using classical and matrix methods / |
| Statement of responsibility, etc. | James K. Nelson, Jack C. McCormac. |
| 250 ## - EDITION STATEMENT | |
| Edition statement | 3rd ed. |
| 260 ## - PUBLICATION, DISTRIBUTION, ETC. | |
| Place of publication, distribution, etc. | New York : |
| Name of publisher, distributor, etc. | Wiley, |
| Date of publication, distribution, etc. | 2003. |
| 300 ## - PHYSICAL DESCRIPTION | |
| Extent | xiv, 525 p. : |
| Other physical details | ill. ; |
| Dimensions | 26 cm. + |
| Accompanying material | 1 CD-ROM (4 3/4 in.) |
| 500 ## - GENERAL NOTE | |
| General note | Includes index. |
| 500 ## - GENERAL NOTE | |
| General note | McCormac's name appears first on previous ed. |
| 526 ## - STUDY PROGRAM INFORMATION NOTE | |
| Program name | 0 |
| Interest level | 0 |
| Reading level | 0 |
| Title point value | 624_171000000000000_NEL |
| 650 #0 - SUBJECT ADDED ENTRY--TOPICAL TERM | |
| Topical term or geographic name entry element | Structural analysis (Engineering) |
| 9 (RLIN) | 654 |
| 700 1# - ADDED ENTRY--PERSONAL NAME | |
| Personal name | McCormac, Jack C. |
| 9 (RLIN) | 1288 |
| 856 41 - ELECTRONIC LOCATION AND ACCESS | |
| Uniform Resource Identifier | <a href="http://www.loc.gov/catdir/toc/wiley023/2002028821.html">http://www.loc.gov/catdir/toc/wiley023/2002028821.html</a> |
| 856 42 - ELECTRONIC LOCATION AND ACCESS | |
| Uniform Resource Identifier | <a href="http://www.loc.gov/catdir/description/wiley039/2002028821.html">http://www.loc.gov/catdir/description/wiley039/2002028821.html</a> |
| 856 42 - ELECTRONIC LOCATION AND ACCESS | |
| Uniform Resource Identifier | <a href="http://www.loc.gov/catdir/enhancements/fy0702/2002028821-b.html">http://www.loc.gov/catdir/enhancements/fy0702/2002028821-b.html</a> |
| 942 ## - ADDED ENTRY ELEMENTS (KOHA) | |
| Source of classification or shelving scheme | |
| Koha item type | Book |
| Withdrawn status | Lost status | Source of classification or shelving scheme | Damaged status | Not for loan | Permanent Location | Current Location | Date acquired | Total Checkouts | Full call number | Barcode | Date last seen | Date last checked out | Price effective from | Koha item type |
|---|---|---|---|---|---|---|---|---|---|---|---|---|---|---|
| Military College of Engineering (MCE) | Military College of Engineering (MCE) | 06/17/2014 | 1 | 624.171 NEL | MCE-36582 | 03/16/2017 | 03/16/2017 | 06/17/2014 | Book |
